<?xml version="1.0" encoding="UTF-8"?>
<record
    xmlns:xsi="http://www.w3.org/2001/XMLSchema-instance"
    xsi:schemaLocation="http://www.loc.gov/MARC21/slim http://www.loc.gov/standards/marcxml/schema/MARC21slim.xsd"
    xmlns="http://www.loc.gov/MARC21/slim">

  <leader>00472nam a2200133Ia 4500</leader>
  <controlfield tag="008">250506s9999    xx            000 0 und d</controlfield>
  <datafield tag="024" ind1=" " ind2=" ">
    <subfield code="a">08B-010-TE, 08B-003-TE, 08B-004-TE &amp;amp; 07B-008-TE</subfield>
  </datafield>
  <datafield tag="082" ind1=" " ind2=" ">
    <subfield code="a">621.3072 HAS</subfield>
  </datafield>
  <datafield tag="100" ind1=" " ind2=" ">
    <subfield code="a">Syed Hassan Hashmi, Akif, Owais I Omer &amp; Hafiz Muhammad Usman</subfield>
  </datafield>
  <datafield tag="245" ind1=" " ind2="0">
    <subfield code="a">Call Admission Control Over Wireless Network</subfield>
  </datafield>
  <datafield tag="260" ind1=" " ind2=" ">
    <subfield code="a">Karachi:</subfield>
    <subfield code="b">UIT,</subfield>
    <subfield code="c">2008</subfield>
  </datafield>
  <datafield tag="600" ind1=" " ind2=" ">
    <subfield code="a">Telecommunication Engineering</subfield>
  </datafield>
  <datafield tag="650" ind1=" " ind2=" ">
    <subfield code="a">Bachelor of Engineering (BE)</subfield>
  </datafield>
  <datafield tag="952" ind1=" " ind2=" ">
    <subfield code="0">0</subfield>
    <subfield code="1">0</subfield>
    <subfield code="4">0</subfield>
    <subfield code="7">0</subfield>
    <subfield code="8">PR-TE</subfield>
    <subfield code="a">UITU</subfield>
    <subfield code="b">UITU</subfield>
    <subfield code="d">2022-07-26</subfield>
    <subfield code="l">0</subfield>
    <subfield code="o">621.3072 HAS</subfield>
    <subfield code="p">TE-53</subfield>
    <subfield code="r">2025-05-06 11:34:20</subfield>
    <subfield code="w">2025-05-06</subfield>
    <subfield code="y">PR</subfield>
  </datafield>
  <datafield tag="999" ind1=" " ind2=" ">
    <subfield code="c">28281</subfield>
    <subfield code="d">28281</subfield>
  </datafield>
</record>
